[Event "PRO League Group Stage"]
[Site "chess.com INT"]
[Date "2017.02.15"]
[Round "6"]
[White "Quesada Perez, Yuniesky"]
[Black "Hansen, Eric"]
[Result "0-1"]
[WhiteElo "2630"]
[BlackElo "2603"]
[PlyCount "102"]
[GameId "2130307636800287"]
[EventDate "2017.01.11"]
[EventType "team"]
[EventRounds "7"]
[EventCountry "USA"]
[SourceTitle "The Week in Chess 1163"]
[Source "Mark Crowther"]
[SourceDate "2017.02.20"]
[SourceVersion "1"]
[SourceVersionDate "2017.02.20"]
[SourceQuality "2"]
[WhiteTeam "Miami Champions"]
[BlackTeam "Montreal ChessBrahs"]

1. e4 e5 2. Nf3 Nc6 3. Bb5 Nf6 4. d3 d6 5. O-O Be7 6. h3 a6 7. Bxc6+ bxc6 8. Nh2 O-O 9. f4 exf4 10. Bxf4 Nd7 11. Nc3 Rb8 12. Rb1 Bf6 13. Kh1 Bxc3 14. bxc3 Rxb1 15. Qxb1 f5 16. exf5 Rxf5 17. Bd2 Rxf1+ 18. Nxf1 Qf6 19. c4 c5 20. Ba5 Nb6 21. Bxb6 cxb6 22. Ne3 Bb7 23. Ng4 Qf4 24. Qe1 Kf7 25. Kg1 h5 26. Ne3 b5 27. cxb5 axb5 28. c3 Qe5 29. Qd2 b4 30. cxb4 cxb4 31. d4 Qg5 32. Qf2+ Kg8 33. Kh2 Be4 34. h4 Qe7 35. Qf4 Qe6 36. Kg1 Bb1 37. d5 Qe4 38. Qxe4 Bxe4 39. Kf2 Bb1 40. Ke2 Bxa2 41. Kd2 Bb3 42. g3 Kf7 43. Nf5 Kf6 44. Nxd6 Bxd5 45. Kd3 Ke5 46. Nb5 b3 47. Kc3 Ke4 48. Nd6+ Kf3 49. Nf5 g6 50. Ne7 Bf7 51. Nxg6 Bxg6 0-1

[Event "PRO League Group Stage"]
[Site "chess.com INT"]
[Date "2017.02.22"]
[Round "7"]
[White "Bartell, Thomas"]
[Black "Hansen, Eric"]
[Result "0-1"]
[WhiteElo "2345"]
[BlackElo "2603"]
[PlyCount "70"]
[GameId "2130307636804463"]
[EventDate "2017.01.11"]
[EventType "team"]
[EventRounds "7"]
[EventCountry "USA"]
[SourceTitle "The Week in Chess 1164"]
[Source "Mark Crowther"]
[SourceDate "2017.02.27"]
[SourceVersion "2"]
[SourceVersionDate "2017.02.28"]
[SourceQuality "2"]
[WhiteTeam "Philadelphia Inventors"]
[BlackTeam "Montreal ChessBrahs"]

1. d4 Nf6 2. c4 b6 3. Nc3 Bb7 4. Nf3 e6 5. a3 g6 6. d5 Bg7 7. e4 O-O 8. Bd3 exd5 9. cxd5 Re8 10. O-O Na6 11. Re1 Nc5 12. Bc2 d6 13. Bg5 h6 14. Bh4 a5 15. Rb1 g5 16. Bg3 a4 17. Nd4 Nxd5 18. Nxd5 Bxd5 19. exd5 Rxe1+ 20. Qxe1 Bxd4 21. Qe2 Qf6 22. h4 gxh4 23. Qg4+ Qg5 24. Qxh4 Qxh4 25. Bxh4 Re8 26. Bd1 Re1+ 27. Kh2 Nd3 28. Bc2 Rxb1 29. Bxb1 Nxb2 30. Bd8 Bxf2 31. Bxc7 Bc5 32. Bf5 b5 33. Bd7 Bxa3 34. Bxb5 Bb4 35. Bb6 Bc3 0-1

[Event "PRO League Group Stage"]
[Site "chess.com INT"]
[Date "2017.02.22"]
[Round "7"]
[White "Hansen, Eric"]
[Black "Erenburg, Sergey"]
[Result "1/2-1/2"]
[WhiteElo "2603"]
[BlackElo "2570"]
[PlyCount "138"]
[GameId "2130307636808623"]
[EventDate "2017.01.11"]
[EventType "team"]
[EventRounds "7"]
[EventCountry "USA"]
[SourceTitle "The Week in Chess 1164"]
[Source "Mark Crowther"]
[SourceDate "2017.02.27"]
[SourceVersion "2"]
[SourceVersionDate "2017.02.28"]
[SourceQuality "2"]
[WhiteTeam "Montreal ChessBrahs"]
[BlackTeam "Philadelphia Inventors"]

1. e4 e5 2. Nf3 Nf6 3. Nxe5 d6 4. Nf3 Nxe4 5. Nc3 Nxc3 6. dxc3 Be7 7. Be3 Nc6 8. Qd2 Be6 9. h3 Qd7 10. Ng5 Bxg5 11. Bxg5 Ne5 12. b3 a6 13. O-O-O f6 14. Be3 O-O-O 15. c4 Qc6 16. Qd4 Bf5 17. Rg1 Rhe8 18. Be2 b6 19. Rd2 Re7 20. Qf4 Bg6 21. Rgd1 Rde8 22. Bf1 Kb8 23. Rd4 Nd7 24. Kb2 Re4 25. Rxe4 Qxe4 26. Qxe4 Bxe4 27. Kc3 a5 28. Kd2 Nc5 29. Ra1 Bg6 30. f3 Nd7 31. Be2 Bxc2 32. h4 Bg6 33. Rh1 h6 34. Bd4 Ne5 35. h5 Bh7 36. Bc3 Nc6 37. g4 Kc8 38. f4 Re7 39. Rg1 Kd7 40. a3 Be4 41. b4 axb4 42. axb4 Ke8 43. Ra1 Kf7 44. Rg1 Re8 45. Rg3 Re7 46. Rg1 Kf8 47. Bd1 Nd8 48. g5 fxg5 49. fxg5 hxg5 50. Rxg5 Nc6 51. Rg4 Bf5 52. Rf4 Rf7 53. Rf1 Be6 54. Rxf7+ Kxf7 55. Be2 Ne7 56. b5 Ng8 57. Ke3 Nf6 58. Kf4 d5 59. Be5 dxc4 60. Ke3 Ng4+ 61. Bxg4 Bxg4 62. Bxc7 Bd7 63. Bxb6 Bxb5 64. Bd4 Bd7 65. Kf4 Ba4 66. Kg5 Bc2 67. Bc3 Bd1 68. Bd4 Be2 69. Bc3 Bd1 1/2-1/2

[Event "BEL-Tch 2016-17"]
[Site "BEL"]
[Date "2016.10.16"]
[Round "2.2"]
[White "Dgebuadze, Alexandre"]
[Black "Hansen, Eric"]
[Result "1/2-1/2"]
[WhiteElo "2499"]
[BlackElo "2604"]
[PlyCount "52"]
[GameId "2130307639764808"]
[EventDate "2016.10.02"]
[EventType "team"]
[EventRounds "11"]
[EventCountry "BEL"]
[SourceTitle "10 Days #486"]
[Source "Chess Mix"]
[WhiteTeam "Wirtzfeld 1"]
[BlackTeam "KGSRL 1"]

1. e4 e5 2. Nf3 Nc6 3. Bb5 a6 4. Ba4 Nf6 5. O-O Be7 6. Re1 b5 7. Bb3 d6 8. c3 O-O 9. h3 Na5 10. Bc2 c5 11. d4 Nd7 12. Nbd2 Re8 13. d5 Nb6 14. Nf1 c4 15. Be3 Nb7 16. a4 Bd7 17. axb5 Bxb5 18. N1d2 Qc7 19. Nb1 Nc5 20. Na3 Rec8 21. Nd2 Ncd7 22. Nf1 Qd8 23. Ng3 g6 24. Ne2 Nf6 25. Ng3 Nfd7 26. Ne2 Nf6 1/2-1/2

[Event "BEL-Tch 2016-17"]
[Site "BEL"]
[Date "2017.03.12"]
[Round "9.2"]
[White "Geirnaert, Steven"]
[Black "Hansen, Eric"]
[Result "1/2-1/2"]
[WhiteElo "2436"]
[BlackElo "2604"]
[PlyCount "81"]
[GameId "2130307639773283"]
[EventDate "2016.10.02"]
[EventType "team"]
[EventRounds "11"]
[EventCountry "BEL"]
[SourceTitle "10 Days #501"]
[Source "Chess Mix"]
[SourceDate "2017.03.20"]
[SourceVersion "1"]
[SourceVersionDate "2017.03.20"]
[SourceQuality "1"]
[WhiteTeam "KBSK 1"]
[BlackTeam "KGSRL 1"]

1. d4 Nf6 2. c4 e6 3. Nc3 Bb4 4. e3 O-O 5. Bd3 d5 6. cxd5 exd5 7. Nge2 Re8 8. Bd2 Bf8 9. Rc1 b6 10. O-O Bb7 11. Nf4 Nbd7 12. Qf3 c5 13. Rfd1 Rc8 14. Ncxd5 Nxd5 15. Nxd5 Ne5 16. dxe5 Qxd5 17. Qxd5 Bxd5 18. b3 Rxe5 19. Bc3 Rg5 20. e4 Bc6 21. f4 Rg6 22. g3 Rd6 23. e5 Rdd8 24. a4 Bd5 25. Bc4 Be6 26. Rf1 g6 27. Kf2 a6 28. Rfd1 b5 29. Rxd8 Rxd8 30. axb5 axb5 31. Bxb5 Bxb3 32. g4 c4 33. Ke2 Rd5 34. Bc6 Rd3 35. Be4 Rh3 36. Bg2 Rd3 37. Be4 Ba3 38. Bxd3 Bxc1 39. Be4 Bxf4 40. h3 Bg5 41. Bd5 1/2-1/2

[Event "Olympiad"]
[Site "Baku AZE"]
[Date "2016.09.09"]
[Round "7.4"]
[White "Hansen, Eric"]
[Black "Volokitin, Andrei"]
[Result "0-1"]
[WhiteElo "2582"]
[BlackElo "2647"]
[PlyCount "104"]
[GameId "2130307640671560"]
[EventDate "2016.09.02"]
[EventType "team"]
[EventRounds "11"]
[EventCountry "AZE"]
[SourceTitle "Mega2016 Update 50"]
[Source "Chessbase"]
[SourceDate "2016.09.18"]
[SourceVersion "1"]
[SourceVersionDate "2016.09.18"]
[SourceQuality "1"]
[WhiteTeam "Canada"]
[BlackTeam "Ukraine"]
[WhiteTeamCountry "CAN"]
[BlackTeamCountry "UKR"]

1. e4 c5 2. Nf3 d6 3. Bb5+ Nd7 4. c3 Ngf6 5. Qe2 a6 6. Ba4 b5 7. Bc2 Bb7 8. O-O g6 9. d4 Bg7 10. Rd1 O-O 11. Nbd2 Rc8 12. d5 c4 13. Nf1 Nc5 14. Ng3 e6 15. dxe6 Nxe6 16. a4 Re8 17. axb5 axb5 18. Ng5 Ra8 19. Rxa8 Bxa8 20. f3 d5 21. e5 Nxg5 22. Bxg5 Qc7 23. f4 Nd7 24. Qf2 Nc5 25. Ne2 Rb8 26. Nd4 b4 27. Qh4 bxc3 28. bxc3 Ne6 29. Bf6 Bxf6 30. Qxf6 Nxd4 31. Rxd4 Rb6 32. Qg5 Rb2 33. Bd1 Bc6 34. h4 Qa5 35. h5 Bd7 36. Rxd5 h6 37. Rxa5 hxg5 38. Bf3 g4 39. Bd5 g3 40. Kf1 Bg4 41. Bf3 Rf2+ 42. Kg1 Rc2 43. Ra8+ Kg7 44. Ra1 gxh5 45. Bxg4 hxg4 46. f5 Re2 47. e6 fxe6 48. fxe6 Kf6 49. Kf1 Rf2+ 50. Kg1 Kxe6 51. Re1+ Kf5 52. Rf1 Ke4 0-1

[Event "Olympiad"]
[Site "Baku AZE"]
[Date "2016.09.10"]
[Round "8.4"]
[White "Nguyen, Anh Khoi"]
[Black "Hansen, Eric"]
[Result "1/2-1/2"]
[WhiteElo "2448"]
[BlackElo "2582"]
[PlyCount "63"]
[GameId "2130307640692346"]
[EventDate "2016.09.02"]
[EventType "team"]
[EventRounds "11"]
[EventCountry "AZE"]
[SourceTitle "Mega2016 Update 50"]
[Source "Chessbase"]
[SourceDate "2016.09.18"]
[SourceVersion "1"]
[SourceVersionDate "2016.09.18"]
[SourceQuality "1"]
[WhiteTeam "Vietnam"]
[BlackTeam "Canada"]
[WhiteTeamCountry "VIE"]
[BlackTeamCountry "CAN"]

1. d4 d5 2. c4 dxc4 3. Nf3 Nf6 4. e3 e6 5. Bxc4 c5 6. O-O a6 7. dxc5 Qxd1 8. Rxd1 Bxc5 9. Nbd2 Nbd7 10. Nb3 Be7 11. Be2 b6 12. Bd2 Bb7 13. Rac1 O-O 14. Nfd4 Rfc8 15. f3 Kf8 16. Rxc8+ Rxc8 17. Rc1 Rxc1+ 18. Nxc1 Bc5 19. Ndb3 Bd6 20. e4 Nc5 21. Be3 Nfd7 22. Nxc5 Nxc5 23. Nd3 e5 24. Nxc5 Bxc5 25. Bxc5+ bxc5 26. Kf2 Ke7 27. Ke3 Kd6 28. Bc4 f6 29. Kd3 a5 30. Kc3 h6 31. Kb3 Kc7 32. Kc3 1/2-1/2

[Event "London Classic rapid op"]
[Site "London ENG"]
[Date "2015.12.12"]
[Round "1"]
[White "Rocco, Federico"]
[Black "Hansen, Eric"]
[Result "0-1"]
[WhiteElo "1855"]
[BlackElo "2573"]
[PlyCount "90"]
[GameId "2130307650013524"]
[EventDate "2015.12.12"]
[EventType "swiss (rapid)"]
[EventRounds "10"]
[EventCountry "ENG"]
[SourceTitle "Mega2016 Update 11"]
[Source "Chessbase"]
[SourceDate "2015.12.18"]
[SourceVersion "1"]
[SourceVersionDate "2015.12.18"]
[SourceQuality "1"]

1. e4 c5 2. Nf3 e6 3. d3 Nc6 4. g3 d5 5. Nbd2 Bd6 6. Bg2 Nge7 7. O-O O-O 8. c3 b6 9. Re1 Qc7 10. Nf1 Ba6 11. Be3 Rad8 12. Qc2 d4 13. Bd2 dxc3 14. Bxc3 Ne5 15. Nxe5 Bxe5 16. Rad1 Nc6 17. Ne3 Nd4 18. Bxd4 Bxd4 19. Nc4 Rd7 20. e5 Rfd8 21. Qe2 Bb5 22. Kh1 Bxc4 23. dxc4 Bxe5 24. Rxd7 Rxd7 25. Bd5 Bf6 26. Be4 g6 27. b3 Kg7 28. Kg2 Bd4 29. Rd1 f5 30. Bf3 Rd6 31. Rd3 Qd7 32. a4 Qe7 33. Bd5 Qf6 34. Bf3 Rd7 35. Rd1 Re7 36. Ba8 g5 37. Qf3 g4 38. Qe2 e5 39. f3 h5 40. fxg4 hxg4 41. Rf1 Qg5 42. Qd3 e4 43. Qe2 Re8 44. Bc6 Rh8 45. Rf4 Rxh2+ 0-1

[Event "London Classic rapid op"]
[Site "London ENG"]
[Date "2015.12.12"]
[Round "2"]
[White "Hansen, Eric"]
[Black "Koskinen, Henri"]
[Result "1-0"]
[WhiteElo "2573"]
[BlackElo "2235"]
[PlyCount "83"]
[GameId "2130307650013531"]
[EventDate "2015.12.12"]
[EventType "swiss (rapid)"]
[EventRounds "10"]
[EventCountry "ENG"]
[SourceTitle "Mega2016 Update 11"]
[Source "Chessbase"]
[SourceDate "2015.12.18"]
[SourceVersion "1"]
[SourceVersionDate "2015.12.18"]
[SourceQuality "1"]

1. e4 e5 2. Nf3 Nc6 3. Bb5 a6 4. Ba4 Nf6 5. O-O Be7 6. Re1 b5 7. Bb3 d6 8. c3 O-O 9. h3 Na5 10. Bc2 c5 11. d4 Qc7 12. Nbd2 cxd4 13. cxd4 Nc6 14. Nb3 Nb4 15. Bb1 a5 16. Bd2 Bd7 17. a3 Nc6 18. d5 Nb8 19. Bd3 a4 20. Rc1 Qb6 21. Be3 Qb7 22. Nbd2 Na6 23. b4 Rfc8 24. Qe2 Bd8 25. Kh1 Rc7 26. Rxc7 Nxc7 27. Rc1 Nfe8 28. Nh2 Rc8 29. Rf1 Na8 30. f4 f6 31. Ng4 Rc3 32. Nb1 Rc8 33. Bd2 Be7 34. Nc3 Nac7 35. Qf3 Na8 36. fxe5 Bxg4 37. Qxg4 dxe5 38. Bxb5 Rxc3 39. Bxe8 Rc2 40. Bh6 Bf8 41. Rxf6 Qe7 42. Rf7 1-0

[Event "London Classic rapid op"]
[Site "London ENG"]
[Date "2015.12.12"]
[Round "4"]
[White "Hansen, Eric"]
[Black "Suarez Real, Alberto"]
[Result "1-0"]
[WhiteElo "2573"]
[BlackElo "2383"]
[PlyCount "59"]
[GameId "2130307650013553"]
[EventDate "2015.12.12"]
[EventType "swiss (rapid)"]
[EventRounds "10"]
[EventCountry "ENG"]
[SourceTitle "Mega2016 Update 11"]
[Source "Chessbase"]
[SourceDate "2015.12.18"]
[SourceVersion "1"]
[SourceVersionDate "2015.12.18"]
[SourceQuality "1"]

1. e4 c5 2. Nf3 Nc6 3. Bb5 Nf6 4. Bxc6 dxc6 5. d3 Bg4 6. Nbd2 Nd7 7. Nc4 Qc7 8. h3 Bh5 9. g4 Bg6 10. Nh4 e5 11. Qf3 f6 12. g5 Bf7 13. gxf6 gxf6 14. Bd2 O-O-O 15. O-O-O b5 16. Ba5 Nb6 17. Ne3 Bxa2 18. Qxf6 Be7 19. Qh6 Bxh4 20. Qxh4 Be6 21. Rhg1 Rhg8 22. Qf6 Rde8 23. Rxg8 Bxg8 24. Nf5 Re6 25. Qf8+ Qd8 26. Qxc5 Kb7 27. Rg1 Rg6 28. Rxg6 hxg6 29. Nd6+ Ka6 30. Bd2 1-0

[Event "London Classic rapid op"]
[Site "London ENG"]
[Date "2015.12.12"]
[Round "5"]
[White "Fodor, Tamas jr"]
[Black "Hansen, Eric"]
[Result "0-1"]
[WhiteElo "2491"]
[BlackElo "2573"]
[PlyCount "146"]
[GameId "2130307650013559"]
[EventDate "2015.12.12"]
[EventType "swiss (rapid)"]
[EventRounds "10"]
[EventCountry "ENG"]
[SourceTitle "Mega2016 Update 11"]
[Source "Chessbase"]
[SourceDate "2015.12.18"]
[SourceVersion "1"]
[SourceVersionDate "2015.12.18"]
[SourceQuality "1"]

1. d4 Nf6 2. c4 e6 3. Nc3 Bb4 4. Qc2 O-O 5. e4 c5 6. e5 Ne8 7. a3 Bxc3+ 8. bxc3 Nc6 9. Nf3 d6 10. Bd3 f5 11. exf6 Nxf6 12. O-O h6 13. Re1 Nh5 14. dxc5 dxc5 15. Bh7+ Kh8 16. Be4 Bd7 17. Be3 Qe7 18. Bxc6 Bxc6 19. Ne5 Be8 20. Rad1 Rf5 21. Bc1 Qc7 22. Qe2 Rd8 23. Rxd8 Qxd8 24. g4 Nf4 25. Bxf4 Rxf4 26. Qe3 Qg5 27. f3 b6 28. Rd1 Rd4 29. Re1 Qxe3+ 30. Rxe3 Rd1+ 31. Kf2 Ra1 32. Rd3 Kg8 33. Rd6 Rxa3 34. Rxe6 Kf8 35. h4 Rxc3 36. g5 hxg5 37. hxg5 Bf7 38. Rc6 Bxc4 39. Rc7 Bd5 40. Rd7 Be6 41. Rxa7 b5 42. Ng6+ Kg8 43. Nf4 Bc4 44. g6 Kf8 45. Rc7 b4 46. Rxc5 b3 47. Rc8+ Ke7 48. Rb8 Rc2+ 49. Ke3 b2 50. Nd3 Rc3 51. Kd4 Bxd3 52. Rxb2 Ra3 53. Rb6 Bf5 54. f4 Rg3 55. Ke5 Rxg6 56. Rb7+ Bd7 57. f5 Rf6 58. Ke4 Kd6 59. Rb6+ Kc5 60. Rb2 Bxf5+ 61. Ke5 Rf7 62. Rg2 g6 63. Rg1 Re7+ 64. Kf6 Re6+ 65. Kg5 Kd6 66. Ra1 Ke7 67. Ra7+ Kf8 68. Ra8+ Re8 69. Ra7 Re7 70. Ra6 Kg7 71. Rb6 Re5 72. Rb8 Bd7+ 73. Kf4 Rf5+ 0-1

[Event "London Classic rapid op"]
[Site "London ENG"]
[Date "2015.12.13"]
[Round "6"]
[White "Hansen, Eric"]
[Black "Williams, Simon Kim"]
[Result "1-0"]
[WhiteElo "2573"]
[BlackElo "2439"]
[PlyCount "107"]
[GameId "2130307650013573"]
[EventDate "2015.12.12"]
[EventType "swiss (rapid)"]
[EventRounds "10"]
[EventCountry "ENG"]
[SourceTitle "Mega2016 Update 11"]
[Source "Chessbase"]
[SourceDate "2015.12.18"]
[SourceVersion "1"]
[SourceVersionDate "2015.12.18"]
[SourceQuality "1"]

1. e4 e6 2. d4 d5 3. Nc3 Nf6 4. Bg5 dxe4 5. Nxe4 Be7 6. Bxf6 gxf6 7. Nf3 f5 8. Nc3 a6 9. g3 b5 10. Bg2 Bb7 11. O-O Bf6 12. Qe2 O-O 13. Rad1 b4 14. Na4 Nd7 15. Ne5 Bxg2 16. Kxg2 Nb6 17. Nc5 Qd5+ 18. Nf3 a5 19. Nd3 Qe4 20. Qd2 Nc4 21. Qc1 Bxd4 22. Rfe1 Qc6 23. Nxb4 axb4 24. Rxd4 f6 25. Kg1 Rad8 26. Qf4 Nb6 27. Qe3 e5 28. Nxe5 Qe6 29. Nf3 Qxe3 30. Rxe3 c5 31. Rxd8 Rxd8 32. Re6 Nc4 33. Rxf6 Rd5 34. b3 Na3 35. Nh4 Nxc2 36. Nxf5 Rd1+ 37. Kg2 Ne1+ 38. Kh3 Nd3 39. f4 Rd2 40. Ra6 Nc1 41. Rc6 Rc2 42. Nd4 Rc3 43. Nb5 Rc2 44. Nd4 Rc3 45. Ne6 Nxa2 46. Rxc5 Rxb3 47. Rc7 Re3 48. Rg7+ Kh8 49. Re7 Kg8 50. f5 Rf3 51. Rg7+ Kh8 52. Ra7 Ra3 53. Rb7 Kg8 54. f6 1-0

[Event "London Classic rapid op"]
[Site "London ENG"]
[Date "2015.12.13"]
[Round "9"]
[White "Krishna, C Revanth Gopala"]
[Black "Hansen, Eric"]
[Result "1/2-1/2"]
[WhiteElo "2367"]
[BlackElo "2573"]
[PlyCount "132"]
[GameId "2130307650017698"]
[EventDate "2015.12.12"]
[EventType "swiss (rapid)"]
[EventRounds "10"]
[EventCountry "ENG"]
[SourceTitle "Mega2016 Update 11"]
[Source "Chessbase"]
[SourceDate "2015.12.18"]
[SourceVersion "1"]
[SourceVersionDate "2015.12.18"]
[SourceQuality "1"]

1. d4 Nf6 2. c4 g6 3. g3 Bg7 4. Bg2 d5 5. cxd5 Nxd5 6. Nf3 O-O 7. O-O Nc6 8. Nc3 Nb6 9. d5 Na5 10. Qc2 c5 11. dxc6 Nxc6 12. Rd1 Qe8 13. Be3 Bf5 14. Qc1 Rc8 15. Bh6 e5 16. Bxg7 Kxg7 17. b3 Qe7 18. Qb2 f6 19. Rd2 e4 20. Nh4 e3 21. Nxf5+ gxf5 22. fxe3 Qxe3+ 23. Kh1 Ne5 24. Nd1 Qh6 25. Nf2 Rfd8 26. Rxd8 Rxd8 27. Qc2 Rc8 28. Qb2 Rd8 29. Qc2 Rd2 30. Qxf5 Rxe2 31. Ng4 Qg6 32. Qxg6+ hxg6 33. Nxe5 fxe5 34. Bxb7 Nd7 35. Bf3 Rf2 36. Bc6 Nf6 37. b4 Rb2 38. b5 Ng4 39. Kg1 Ne3 40. a4 Nc2 41. Rd1 Nd4 42. Rf1 Rb4 43. Ra1 Rb2 44. Bd5 Ne2+ 45. Kh1 Nc3 46. Bc6 Rb4 47. Ra3 Nxa4 48. Rd3 e4 49. Rd7+ Kf6 50. Rxa7 Nc3 51. Ra6 Kg5 52. Kg2 Rb2+ 53. Kh3 e3 54. Bf3 Nxb5 55. Re6 Rb3 56. Be4 Kh6 57. Rxg6+ Kh7 58. Rb6+ Kg7 59. Bf3 Rb2 60. Kg4 e2 61. Bxe2 Rxe2 62. Rxb5 Rxh2 63. Kg5 Rd2 64. g4 Rd6 65. Rb7+ Kg8 66. Kh5 Rd5+ 1/2-1/2

[Event "London Classic op"]
[Site "London ENG"]
[Date "2015.12.04"]
[Round "1"]
[White "Hansen, Eric"]
[Black "Heuser, Philip"]
[Result "1-0"]
[WhiteElo "2573"]
[BlackElo "2119"]
[PlyCount "83"]
[GameId "2130307650332353"]
[EventDate "2015.12.04"]
[EventType "swiss"]
[EventRounds "9"]
[EventCountry "ENG"]
[SourceTitle "Mega2016 Update 11"]
[Source "Chessbase"]
[SourceDate "2015.12.18"]
[SourceVersion "1"]
[SourceVersionDate "2015.12.18"]
[SourceQuality "1"]

1. e4 c6 2. d4 d5 3. e5 Bf5 4. Nf3 e6 5. Be2 c5 6. Be3 cxd4 7. Nxd4 Ne7 8. Nd2 Nbc6 9. N2f3 Bg4 10. O-O Nf5 11. Nxf5 Bxf5 12. Nd4 Nxd4 13. Qxd4 a6 14. c4 Be7 15. cxd5 Qxd5 16. Qxd5 exd5 17. Rfd1 O-O-O 18. Bb6 Rd7 19. g4 Be6 20. f4 g6 21. Kf2 f6 22. Rac1+ Kb8 23. Bd4 Rf8 24. Kg3 fxe5 25. Bxe5+ Bd6 26. Bxd6+ Rxd6 27. Rd4 Rc8 28. Rxc8+ Kxc8 29. Bd3 Rb6 30. b4 Kd7 31. Kh4 Ke7 32. Kg5 Kf7 33. f5 gxf5 34. gxf5 Bc8 35. a3 a5 36. bxa5 Rb3 37. Rxd5 Rxa3 38. Bc4 Ke8 39. Kf6 Bd7 40. Rd2 Rxa5 41. Bf7+ Kd8 42. Be6 1-0

[Event "London Classic op"]
[Site "London ENG"]
[Date "2015.12.05"]
[Round "3"]
[White "Hansen, Eric"]
[Black "Koop, Thorben"]
[Result "1-0"]
[WhiteElo "2573"]
[BlackElo "2418"]
[PlyCount "43"]
[GameId "2130307650340705"]
[EventDate "2015.12.04"]
[EventType "swiss"]
[EventRounds "9"]
[EventCountry "ENG"]
[SourceTitle "Mega2016 Update 11"]
[Source "Chessbase"]
[SourceDate "2015.12.18"]
[SourceVersion "1"]
[SourceVersionDate "2015.12.18"]
[SourceQuality "1"]

1. e4 c5 2. Nf3 Nc6 3. Bb5 g6 4. Bxc6 bxc6 5. O-O Bg7 6. Re1 Nh6 7. c3 O-O 8. d4 cxd4 9. cxd4 d6 10. h3 f6 11. Nc3 Nf7 12. Be3 Rb8 13. b3 Qa5 14. Rc1 Bd7 15. Nd2 f5 16. e5 Rbd8 17. Nc4 Qa6 18. Bf4 d5 19. Nb2 g5 20. Bd2 e6 21. Nca4 Qd3 22. Nxd3 1-0

[Event "London Classic op"]
[Site "London ENG"]
[Date "2015.12.06"]
[Round "4"]
[White "Hebden, Mark"]
[Black "Hansen, Eric"]
[Result "1/2-1/2"]
[WhiteElo "2467"]
[BlackElo "2573"]
[PlyCount "41"]
[GameId "2130307650344880"]
[EventDate "2015.12.04"]
[EventType "swiss"]
[EventRounds "9"]
[EventCountry "ENG"]
[SourceTitle "Mega2016 Update 11"]
[Source "Chessbase"]
[SourceDate "2015.12.18"]
[SourceVersion "1"]
[SourceVersionDate "2015.12.18"]
[SourceQuality "1"]

1. d4 Nf6 2. Nf3 d5 3. c4 e6 4. Bg5 Be7 5. Nc3 h6 6. Bh4 O-O 7. e3 b6 8. Bd3 Bb7 9. O-O Nbd7 10. Bg3 c5 11. cxd5 Nxd5 12. Rc1 N7f6 13. Qe2 cxd4 14. Nxd4 Nxc3 15. Rxc3 Qd5 16. f3 Rfc8 17. Bc4 Qa5 18. a3 Nd5 19. Rcc1 a6 20. e4 Nf6 21. Bf2 1/2-1/2

[Event "London Classic op"]
[Site "London ENG"]
[Date "2015.12.07"]
[Round "5"]
[White "Hansen, Eric"]
[Black "Sagar, Shah"]
[Result "1-0"]
[WhiteElo "2573"]
[BlackElo "2441"]
[PlyCount "73"]
[GameId "2130307650349055"]
[EventDate "2015.12.04"]
[EventType "swiss"]
[EventRounds "9"]
[EventCountry "ENG"]
[SourceTitle "Mega2016 Update 11"]
[Source "Chessbase"]
[SourceDate "2015.12.18"]
[SourceVersion "1"]
[SourceVersionDate "2015.12.18"]
[SourceQuality "1"]

1. e4 c6 2. d4 d5 3. e5 Bf5 4. Nf3 e6 5. Be2 Ne7 6. O-O c5 7. c4 Nbc6 8. Na3 a6 9. dxc5 d4 10. Qb3 Ng6 11. Qxb7 Qc8 12. Qxc8+ Rxc8 13. b4 d3 14. Bd1 Nxb4 15. Ba4+ Kd8 16. h3 h5 17. Bg5+ Be7 18. Rab1 Nc2 19. Rb7 Rxc5 20. Bxe7+ Nxe7 21. Ng5 Bg6 22. Nxc2 dxc2 23. Bxc2 Bxc2 24. Nxf7+ Ke8 25. Nd6+ Kd8 26. Nf7+ Ke8 27. Nxh8 Rc8 28. Rc1 Be4 29. Rb6 Nc6 30. Rd1 Kf8 31. Rd6 Nxe5 32. Rxe6 Nxc4 33. Rxa6 Nd2 34. f3 Bd5 35. Ng6+ Kf7 36. Re7+ Kg8 37. Re1 1-0

[Event "London Classic op"]
[Site "London ENG"]
[Date "2015.12.08"]
[Round "6"]
[White "Melkumyan, Hrant"]
[Black "Hansen, Eric"]
[Result "1/2-1/2"]
[WhiteElo "2632"]
[BlackElo "2573"]
[PlyCount "136"]
[GameId "2130307650353248"]
[EventDate "2015.12.04"]
[EventType "swiss"]
[EventRounds "9"]
[EventCountry "ENG"]
[SourceTitle "Mega2016 Update 11"]
[Source "Chessbase"]
[SourceDate "2015.12.18"]
[SourceVersion "1"]
[SourceVersionDate "2015.12.18"]
[SourceQuality "1"]

1. c4 e6 2. g3 d5 3. Bg2 Nf6 4. Nf3 Be7 5. d4 O-O 6. O-O dxc4 7. Qc2 a6 8. a4 Bd7 9. Qxc4 Bc6 10. Bg5 Nbd7 11. Nc3 a5 12. Rfd1 h6 13. Bxf6 Nxf6 14. Ne5 Bxg2 15. Kxg2 c6 16. e4 Qb6 17. Qe2 Rfd8 18. Nf3 Bb4 19. Rac1 Qa6 20. Qc2 Rac8 21. e5 Nd5 22. Ne4 Be7 23. b3 Nb4 24. Qc4 Qxc4 25. bxc4 c5 26. dxc5 Nd3 27. Rb1 Bxc5 28. Kf1 Bb4 29. Ke2 f5 30. Nd6 Bxd6 31. exd6 Nc5 32. Kf1 Ne4 33. Rxb7 Rxd6 34. Rxd6 Nxd6 35. Rb6 Ne4 36. Ne5 Nd2+ 37. Kg2 Nxc4 38. Rxe6 Nb2 39. Ra6 Rc5 40. Ra8+ Kh7 41. Nd7 Rc2 42. Nf8+ Kg8 43. Ne6+ Kf7 44. Nd4 Rc5 45. Ra7+ Kf6 46. Ra6+ Kf7 47. Ne6 Rc2 48. Nf4 Nd1 49. Rxa5 Rxf2+ 50. Kg1 Ra2 51. Rxf5+ Kg8 52. a5 Ne3 53. Rc5 g5 54. Nd5 Nxd5 55. Rxd5 g4 56. Rd6 Rxa5 57. Rxh6 Ra1+ 58. Kf2 Ra2+ 59. Ke3 Kg7 60. Rh4 Kf6 61. Ke4 Ra4+ 62. Kd5 Ra5+ 63. Kc4 Ra2 64. Kb3 Re2 65. Rxg4 Rxh2 66. Rh4 Rxh4 67. gxh4 Kg6 68. h5+ Kxh5 1/2-1/2

[Event "London Classic op"]
[Site "London ENG"]
[Date "2015.12.09"]
[Round "7"]
[White "Hansen, Eric"]
[Black "Martins, David Pires Tavares"]
[Result "1-0"]
[WhiteElo "2573"]
[BlackElo "2372"]
[PlyCount "53"]
[GameId "2130307650357407"]
[EventDate "2015.12.04"]
[EventType "swiss"]
[EventRounds "9"]
[EventCountry "ENG"]
[SourceTitle "Mega2016 Update 11"]
[Source "Chessbase"]
[SourceDate "2015.12.18"]
[SourceVersion "1"]
[SourceVersionDate "2015.12.18"]
[SourceQuality "1"]

1. e4 e6 2. d4 d5 3. Nc3 Nf6 4. Bg5 Bb4 5. e5 h6 6. Bc1 Nfd7 7. Qg4 Bf8 8. Nf3 a6 9. Be3 c5 10. dxc5 Nc6 11. O-O-O Qa5 12. Kb1 Nxc5 13. h4 Bd7 14. Rh3 Rc8 15. a3 Nd8 16. Nd4 b5 17. b4 Qxa3 18. Na2 Ne4 19. Bc1 Nxf2 20. Qe2 Qxh3 21. gxh3 Nxd1 22. Qxd1 Be7 23. Qg4 Kf8 24. Bd3 Nb7 25. Bd2 Ra8 26. Nc3 Rd8 27. Nce2 1-0